Neighborhoods in Newark - Statistics

General Stats
  • This quiz has been taken 12 times
  • The average score is 3 of 27
Answer Stats
Answer % Correct
The ironbound
100%
Downtown
33%
Port Newark
33%
Vailsburg
33%
Weequahic
33%
Clinton Hill
17%
Dayton
17%
Forest hill
17%
Roseville
17%
Belmont
0%
Broadway
0%
Chinatown
0%
Fairmont
0%
Five corners
0%
Four corners
0%
Government center
0%
Ivy hill
0%
Lincoln park
0%
Mount Pleasant
0%
Seventh avenue
0%
South broad valley
0%
Springfield
0%
Teachers village
0%
The coast
0%
University heights
0%
West side
0%
Woodside
0%
No matching quizzes found
Score Distribution
Percent of People with Each Score
Percentile by Number Answered
Your Score History
You have not taken this quiz